00823cam a22002774i 4500003000900000005001700009008004100026035001900067040003300086082002500119100003700144245006700181264003100248300002800279336002100307337002500328338002300353505004700376526000900423526000900432526000800441526000800449526000800457650003000465650005000495PE-LiUPU20250731184058.0150623s r 000 0 d a(Sirsi) a23362 aPE-LiUPUbspacPE-LiUPUerda04a869.502bM7919352211 aMorote, Herbert,d1935-,eautor.14aLos ayacuchos :bpieza teatral en tres actos /cHerbert Morot. 1aLima :bEpígrafe,c1991. a126 páginas ;c21 cm. atext2rdacontent aunmediated2rdamedia avolume2rdacarrier0 aLos Ayacuchos: pieza teatral entres actos. aP145 aP127 aP97 aP14 aP0718aTeatro peruanoySiglo XX.28aAyacucho, Batalla de, 1824xEn la literatura.